000 00704nam a22002177a 4500
999 _c403
_d403
003 AR-CdUCM
008 190223b ||||| |||| 00| 0 spa d
040 _aMUNICIPALIDAD PROVINCIAL DEL CUSCO
_cBIBLIOTECA MUNICIPAL DEL CUSCO
082 _a869.56 /
_bZ9
100 _aHiggins, Jámes
_91610
245 _aCesar Vallejo en su poesía /
260 _aLima :
_bSeglusa ,
_c1989.
300 _a163 páginas :
_c21.5 cm.
505 _aContenido: Poesía Peruana -- Cesar Vallejo -- Homenaje a Vallejo...
650 _aPoetas peruanos.
_91611
650 _aPoesía peruana.
_9806
650 _aLiteratos peruanos.
_9808
700 _aHiggins, Jámes
_91610
942 _2ddc
_cLIBROS
945 _artm
_d2019-02-23